| 000 | 01047cam a22002055a 4500 | ||
|---|---|---|---|
| 001 | L150616 | ||
| 008 | 100803s2010 xxk f 000 0 eng d | ||
| 035 | _a(Sirsi) u150616 | ||
| 041 | 0 | _aeng | |
| 050 | 0 | 4 | _a333.332091 $2 18 |
| 110 | 2 |
_aInternational Valuation Standards Council _95828 |
|
| 245 | 0 | 0 |
_aDiscussion paper _bdefinition of a professional valuer July 2010 _h[electronic resource] |
| 260 |
_aLondon _bIVSC _c2010 |
||
| 520 | _aThis International Valuation Professional Board paper outlines a new definition of a professional valuer. Discusses a core competency framework, how competency framework requirements are defined, what types of competency professional valuers need, and the credentials or necessary requirements for a professional valuer. Comments are to be received by 30 September 2010. | ||
| 590 | _aKA NTK | ||
| 651 | 4 | _aInternational | |
| 690 | _aPROPERTY-PROPERTY APPRAISAL AND VALUATION | ||
| 856 | 4 | 8 |
_uhttps://www.ivsc.org/files/file/download/id/181 _zView the document free of charge at www.ivsc.org |
| 942 | _n0 | ||
| 999 |
_c110925 _d110925 |
||